[Event "SVK-chT4 A21 2223"]
[Site "Slovakia"]
[Date "2023.03.26"]
[Round "11.3"]
[White "Sedlak, Rastislav"]
[Black "Pripko, Bystrik"]
[Result "1/2-1/2"]
[WhiteElo "1564"]
[BlackElo "1532"]
[PlyCount "56"]
[EventDate "2022.10.09"]
[EventType "team-tourn"]
[EventRounds "11"]
[EventCountry "SVK"]
[SourceTitle "EXT 2024"]
[Source "ChessBase"]
[SourceDate "2023.10.10"]
[SourceVersion "1"]
[SourceVersionDate "2023.10.10"]
[SourceQuality "1"]
[WhiteTeam "Piestany Kupele III"]
[BlackTeam "Chtelnica Kamenar"]
[WhiteTeamCountry "SVK"]
[BlackTeamCountry "SVK"]

1. e4 e5 2. Nf3 Nc6 3. Bc4 h6 4. 0-0 Nf6 5. d3 d6 6. h3 a6 7. c3 Be7 8. Be3 0-0 9. Bb3 Be6 10. Nbd2 Bxb3 11. Nxb3 Nh7 12. Re1 Ng5 13. Nxg5 Bxg5 14. Bxg5 Qxg5 15. d4 Ne7 16. dxe5 Qxe5 17. Qd4 Ng6 18. Rad1 Rfe8 19. Nd2 Nh4 20. Qxe5 Rxe5 21. g3 Ng6 22. f4 Re7 23. h4 h5 24. Nf3 Rae8 25. f5 Ne5 26. Nxe5 Rxe5 27. Rd4 b6 28. Kf2 g6 1/2-1/2

[Event "SVK-chT4 A21 2223"]
[Site "Slovakia"]
[Date "2023.03.12"]
[Round "10.3"]
[White "Skreko, Jan"]
[Black "Sedlak, Rastislav"]
[Result "1-0"]
[WhiteElo "1492"]
[BlackElo "1564"]
[PlyCount "127"]
[EventDate "2022.10.09"]
[EventType "team-tourn"]
[EventRounds "11"]
[EventCountry "SVK"]
[SourceTitle "EXT 2024"]
[Source "ChessBase"]
[SourceDate "2023.10.10"]
[SourceVersion "1"]
[SourceVersionDate "2023.10.10"]
[SourceQuality "1"]
[WhiteTeam "Smolenice"]
[BlackTeam "Piestany Kupele III"]
[WhiteTeamCountry "SVK"]
[BlackTeamCountry "SVK"]

1. d4 d5 2. c4 c6 3. e3 Bf5 4. Nc3 Nf6 5. Nf3 dxc4 6. Bxc4 e6 7. 0-0 Bd6 8. h3 h6 9. Re1 b5 10. Bd3 Bxd3 11. Qxd3 0-0 12. a3 Nbd7 13. e4 e5 14. d5 Nc5 15. Qd1 cxd5 16. exd5 Qb8 17. b4 Ncd7 18. Ne4 Nxe4 19. Rxe4 f5 20. Re2 a6 21. Bb2 Re8 22. Rc1 Nb6 23. Rc6 Nc4 24. Nh4 Rc8 25. Nxf5 Rxc6 26. dxc6 Nxb2 27. Qd5+ Kh7 28. Nxd6 Nc4 29. Nxc4 bxc4 30. Qxc4 Qc7 31. Qe6 Rc8 32. Rxe5 Qxc6 33. Qxc6 Rxc6 34. Rc5 Rd6 35. Kf1 g5 36. Rc3 Kg6 37. Ke2 Kf5 38. f3 Kf4 39. Rc4+ Ke5 40. Ke3 Kf5 41. Rc5+ Kf6 42. b5 axb5 43. Rxb5 Ra6 44. Rb3 h5 45. Kd3 Ra4 46. Kc2 Kf5 47. Re3 Kf4 48. Re4+ Rxe4 49. fxe4 Kxe4 50. a4 Ke3 51. a5 Kf2 52. a6 Kxg2 53. a7 Kxh3 54. a8Q h4 55. Qh1+ Kg3 56. Kd2 h3 57. Ke2 g4 58. Qg1+ Kf4 59. Qh2+ Kg5 60. Qg3 Kf5 61. Ke3 Kg5 62. Ke4 Kh5 63. Kf5 Kh6 64. Qh4+ 1-0

[Event "SVK-chT4 A21 2122"]
[Site "Slovakia"]
[Date "2022.03.27"]
[Round "11.3"]
[White "Skreko, Jan"]
[Black "Sedlak, Rastislav"]
[Result "1-0"]
[WhiteElo "1519"]
[BlackElo "1586"]
[PlyCount "165"]
[EventDate "2021.10.17"]
[EventType "team-tourn"]
[EventRounds "11"]
[EventCountry "SVK"]
[SourceTitle "EXT 2024"]
[Source "ChessBase"]
[SourceDate "2023.10.10"]
[SourceVersion "1"]
[SourceVersionDate "2023.10.10"]
[SourceQuality "1"]
[WhiteTeam "Smolenice"]
[BlackTeam "Piestany Kupele III"]
[WhiteTeamCountry "SVK"]
[BlackTeamCountry "SVK"]

1. d4 d5 2. c4 e6 3. Nc3 Nf6 4. Nf3 Bb4 5. Bd2 0-0 6. e3 c5 7. Qc2 Nc6 8. a3 cxd4 9. exd4 Bxc3 10. Bxc3 h6 11. Bd3 Na5 12. Ne5 dxc4 13. Nxc4 Nxc4 14. Bxc4 Bd7 15. 0-0 Bc6 16. f3 Nd5 17. Bxd5 Bxd5 18. Qf2 b5 19. Rfe1 a5 20. Rad1 Qb6 21. b4 a4 22. Bb2 Rac8 23. Rc1 Rc4 24. Rxc4 bxc4 25. Bc3 Rd8 26. Re5 f6 27. Rh5 Kf7 28. Qc2 f5 29. Qe2 Qd6 30. Rh4 Rh8 31. f4 g6 32. Qe3 Be4 33. Qh3 h5 34. Qe3 Qd5 35. Qe2 Bd3 36. Qe5 Qxe5 37. dxe5 Rd8 38. Kf2 Be4 39. Rh3 Rd3 40. Rxd3 cxd3 41. g3 Ke7 42. Ke3 Kd7 43. b5 Kc7 44. Ba5+ Kb7 45. Kd4 d2 46. Bxd2 Kb6 47. Kc4 Bc2 48. Be3+ Kb7 49. Kc5 Kc7 50. h4 Be4 51. b6+ Kd7 52. Kb5 Bc6+ 53. Ka6 Kc8 54. Bc5 Bd5 55. Kb5 Bb3 56. Kc6 Bd5+ 57. Kd6 Kd8 58. Bb4 Kc8 59. Ke7 Kb7 60. Bc5 Kc6 61. Be3 Kb5 62. Kf7 Kc4 63. Kxg6 Bf3 64. Kf6 Bd5 65. b7 Bxb7 66. Kxe6 Bc8+ 67. Kd6 Kb3 68. Bc5 Kc4 69. Bb4 Kd4 70. e6 Ba6 71. e7 Bb5 72. Ke6 Ke4 73. Kf7 Kf3 74. Be1 Ke2 75. Bc3 Kf3 76. Bf6 Kxg3 77. Bg5 Kf3 78. e8Q Bxe8+ 79. Kxe8 Ke4 80. Ke7 Kd5 81. Kf6 Kc4 82. Kxf5 Kb3 83. Be7 1-0

[Event "SVK-chT4 A21 2122"]
[Site "Slovakia"]
[Date "2021.11.14"]
[Round "3.5"]
[White "Sedlak, Rastislav"]
[Black "Visvader, Rudolf"]
[Result "1-0"]
[WhiteElo "1632"]
[BlackElo "1267"]
[PlyCount "108"]
[EventDate "2021.10.17"]
[EventType "team-tourn"]
[EventRounds "11"]
[EventCountry "SVK"]
[SourceTitle "EXT 2023"]
[Source "ChessBase"]
[SourceDate "2022.10.05"]
[SourceVersion "1"]
[SourceVersionDate "2022.10.05"]
[SourceQuality "1"]
[WhiteTeam "Piestany Kupele III"]
[BlackTeam "Borsky Mikulas"]
[WhiteTeamCountry "SVK"]
[BlackTeamCountry "SVK"]

1. e4 e6 2. d4 d5 3. exd5 exd5 4. c4 Be6 5. cxd5 Bxd5 6. Nc3 Be6 7. Nf3 h6 8. Bf4 Nf6 9. Bd3 Be7 10. 0-0 Nd5 11. Be5 Nf6 12. Re1 Nbd7 13. Bf4 a6 14. h3 c6 15. Bc2 Nb6 16. Bb3 Nbd5 17. Be5 0-0 18. Rc1 Qd7 19. Ne4 b5 20. Bxd5 Nxd5 21. Nc3 Nf6 22. a3 Rae8 23. Qc2 Nh7 24. Ne4 f6 25. Bg3 Bd5 26. Re3 f5 27. Nc5 Qc8 28. Be5 Bxf3 29. Rxf3 Ng5 30. Qb3+ Kh7 31. Rd3 Bxc5 32. Rxc5 Ne4 33. Rc1 Re6 34. f3 Nd6 35. Rxc6 Qxc6 36. Qxe6 Qc1+ 37. Kh2 Nf7 38. Qxf5+ Kg8 39. Rc3 Qxb2 40. Rc8 Qxa3 41. Rxf8+ Qxf8 42. Qe6 Kh7 43. Qf5+ Kg8 44. d5 b4 45. Qe6 Kh8 46. d6 Nxe5 47. Qxe5 Qb8 48. Qe7 b3 49. Qc7 Qf8 50. d7 b2 51. d8Q b1Q 52. Qxf8+ Kh7 53. Qe5 Qg6 54. Qff5 h5 1-0

[Event "SVK-chT4 A21 2122"]
[Site "Slovakia"]
[Date "2021.10.31"]
[Round "2.2"]
[White "Sedlak, Rastislav"]
[Black "Sebesta, Radovan"]
[Result "1/2-1/2"]
[WhiteElo "1632"]
[BlackElo "1996"]
[PlyCount "105"]
[EventDate "2021.10.17"]
[EventType "team-tourn"]
[EventRounds "11"]
[EventCountry "SVK"]
[SourceTitle "EXT 2023"]
[Source "ChessBase"]
[SourceDate "2022.10.05"]
[SourceVersion "1"]
[SourceVersionDate "2022.10.05"]
[SourceQuality "1"]
[WhiteTeam "Piestany Kupele III"]
[BlackTeam "Senica"]
[WhiteTeamCountry "SVK"]
[BlackTeamCountry "SVK"]

1. e4 c5 2. Nf3 Nc6 3. d4 cxd4 4. Nxd4 g6 5. Be3 Bg7 6. c3 Nf6 7. Bd3 0-0 8. 0-0 d6 9. h3 Ne5 10. Bc2 Bd7 11. Nd2 a6 12. N2f3 Nc4 13. Qc1 Nxe3 14. Qxe3 Qc7 15. Rfe1 e6 16. Bb3 Rfe8 17. Rad1 Rad8 18. Qd3 Bc8 19. Nc2 b5 20. a4 Qb6 21. axb5 axb5 22. Nb4 Bb7 23. Nd4 d5 24. exd5 Nxd5 25. Nxd5 Bxd5 26. Bxd5 Rxd5 27. Qe3 Red8 28. Nc2 Qxe3 29. Nxe3 Rd2 30. Rxd2 Rxd2 31. Rb1 Kf8 32. Kf1 Ke7 33. Ke1 Rd7 34. Rd1 Ra7 35. Kd2 b4 36. Rc1 Ra2 37. cxb4 Rxb2+ 38. Rc2 Rxb4 39. Rc7+ Ke8 40. g3 Rb2+ 41. Rc2 Rxc2+ 42. Kxc2 h5 43. Kd3 Ke7 44. Nc4 e5 45. g4 hxg4 46. hxg4 Ke6 47. Ke4 f5+ 48. gxf5+ gxf5+ 49. Kd3 e4+ 50. Ke2 Kd5 51. Ne3+ Ke5 52. f3 exf3+ 53. Kxf3 1/2-1/2

[Event "SVK-chT3A2 2122"]
[Site "Slovakia"]
[Date "2021.10.24"]
[Round "2.7"]
[White "Sedlak, Rastislav"]
[Black "Tupy, Emil"]
[Result "1-0"]
[WhiteElo "1586"]
[BlackElo "1568"]
[PlyCount "139"]
[EventDate "2021.10.10"]
[EventType "team-tourn"]
[EventRounds "11"]
[EventCountry "SVK"]
[SourceTitle "EXT 2023"]
[Source "ChessBase"]
[SourceDate "2022.10.05"]
[SourceVersion "1"]
[SourceVersionDate "2022.10.05"]
[SourceQuality "1"]
[WhiteTeam "Piestany Kupele II"]
[BlackTeam "Hlohovec"]
[WhiteTeamCountry "SVK"]
[BlackTeamCountry "SVK"]

1. e4 c5 2. Nf3 Nc6 3. d4 cxd4 4. Nxd4 a6 5. Bc4 e6 6. 0-0 g6 7. c3 Bg7 8. Be3 Qc7 9. Bb3 Nf6 10. Bc2 0-0 11. Nd2 d5 12. exd5 Nxd5 13. N2f3 Nxe3 14. fxe3 Rd8 15. Qe2 e5 16. Nxc6 bxc6 17. Ng5 Be6 18. Nxe6 fxe6 19. Bb3 Qe7 20. Qc4 Rd6 21. Rad1 Rad8 22. Rxd6 Rxd6 23. Qxa6 c5 24. Qc8+ Bf8 25. Qxc5 Qd7 26. Qxe5 Bg7 27. Qe4 Kh8 28. Qa8+ Qd8 29. Qxd8+ Rxd8 30. Bxe6 Rd2 31. Rf2 Rd1+ 32. Rf1 Rd2 33. Rb1 Bh6 34. e4 Be3+ 35. Kh1 Rd6 36. Bd5 Rb6 37. a4 Bd2 38. g3 Bxc3 39. b3 Kg7 40. Rf1 Rd6 41. Rf7+ Kh6 42. h4 Be1 43. Kg2 Rd8 44. Rf1 Bb4 45. g4 Rc8 46. Bc4 Rc7 47. e5 Kg7 48. e6 h5 49. gxh5 gxh5 50. Rf5 Kg6 51. Rg5+ Kh6 52. Kf3 Rg7 53. Rxg7 Kxg7 54. Kf4 Kf6 55. Ke4 Be1 56. Kd5 Ke7 57. Be2 Bxh4 58. Bxh5 Be1 59. Bg4 Ba5 60. Kc5 Bd2 61. b4 Kd8 62. a5 Be3+ 63. Kc6 Bd2 64. Kb5 Bg5 65. a6 Kc7 66. Bf3 Kb8 67. Kc6 Be7 68. b5 Bb4 69. b6 Ka8 70. Kc7# 1-0

[Event "SVK-chT4 A21 1920"]
[Site "Slovakia"]
[Date "2020.01.26"]
[Round "7.3"]
[White "Sedlak, Rastislav"]
[Black "Piestansky, Jan"]
[Result "1/2-1/2"]
[WhiteElo "1627"]
[BlackElo "1623"]
[PlyCount "58"]
[EventDate "2019.10.13"]
[EventType "team-tourn"]
[EventRounds "11"]
[EventCountry "SVK"]
[SourceTitle "CBM 194 Extra"]
[Source "ChessBase"]
[SourceDate "2020.03.31"]
[SourceVersion "1"]
[SourceVersionDate "2020.03.31"]
[SourceQuality "1"]
[WhiteTeam "Piestany Kupele III"]
[BlackTeam "Chtelnica Kamenar"]
[WhiteTeamCountry "SVK"]
[BlackTeamCountry "SVK"]

1. e4 e5 2. Nf3 d6 3. Bc4 h6 4. 0-0 Nf6 5. d3 Be7 6. Re1 0-0 7. h3 Nc6 8. Bb5 Bd7 9. c3 a6 10. Ba4 b5 11. Bc2 Nh7 12. d4 exd4 13. Nxd4 Re8 14. Bf4 Bg5 15. Bg3 Bh4 16. Bxh4 Qxh4 17. Nd2 Ne5 18. N2f3 Qh5 19. Nxe5 Qxe5 20. Nf3 Qe7 21. Qd3 Nf8 22. e5 Bc6 23. exd6 Qxd6 24. Qxd6 cxd6 25. Nd4 Bd7 26. Rad1 Rxe1+ 27. Rxe1 Rd8 28. Re7 Ng6 29. Bxg6 fxg6 1/2-1/2

[Event "SVK-chT4 A21 1920"]
[Site "Slovakia"]
[Date "2019.10.13"]
[Round "1.4"]
[White "Sedlak, Rastislav"]
[Black "Vach, Jozef"]
[Result "0-1"]
[WhiteElo "1627"]
[BlackElo "1709"]
[PlyCount "104"]
[EventDate "2019.10.13"]
[EventType "team-tourn"]
[EventRounds "11"]
[EventCountry "SVK"]
[SourceTitle "CBM 193 Extra"]
[Source "ChessBase"]
[SourceDate "2020.01.31"]
[SourceVersion "1"]
[SourceVersionDate "2020.01.31"]
[SourceQuality "1"]
[WhiteTeam "Piestany Kupele III"]
[BlackTeam "Holic II"]
[WhiteTeamCountry "SVK"]
[BlackTeamCountry "SVK"]

1. e4 e5 2. Nf3 Nc6 3. Bc4 Be7 4. 0-0 d6 5. h3 Nf6 6. d3 Na5 7. Bb5+ c6 8. Ba4 b5 9. Bb3 Nxb3 10. axb3 c5 11. Bd2 Bb7 12. b4 Nd7 13. bxc5 dxc5 14. Ba5 Qc8 15. Bc3 Qc7 16. b3 0-0 17. Nbd2 a5 18. Bb2 Rfe8 19. Re1 Bf6 20. Nf1 g6 21. Ne3 Bg7 22. c3 Nb6 23. Qc2 c4 24. bxc4 bxc4 25. d4 exd4 26. Nxd4 Bxe4 27. Qc1 Bd3 28. Nec2 Nd5 29. Qg5 Bf5 30. Nxf5 gxf5 31. Qxf5 Re5 32. Rxe5 Qxe5 33. Qxe5 Bxe5 34. Nd4 a4 35. g3 Ra6 36. Kf1 Rb6 37. Ra2 Bxd4 38. cxd4 c3 39. Ba1 Rb1+ 40. Ke2 c2 41. Rxc2 Rxa1 42. Rc5 Nf6 43. d5 a3 44. Rc8+ Kg7 45. d6 a2 46. Ra8 Nd7 47. Ra7 Nc5 48. Kf3 Kf6 49. d7 Nxd7 50. Rxd7 Rb1 51. Rd6+ Ke7 52. Ra6 a1Q 0-1

[Event "SVK-chT4 A21 1819"]
[Site "Slovakia"]
[Date "2019.03.17"]
[Round "11.3"]
[White "Dubecky, Ladislav"]
[Black "Sedlak, Rastislav"]
[Result "0-1"]
[WhiteElo "1585"]
[BlackElo "1655"]
[PlyCount "78"]
[EventDate "2018.10.14"]
[EventType "team-tourn"]
[EventRounds "11"]
[EventCountry "SVK"]
[SourceTitle "CBM 189 Extra"]
[Source "ChessBase"]
[SourceDate "2019.06.03"]
[SourceVersion "1"]
[SourceVersionDate "2019.06.03"]
[SourceQuality "1"]
[WhiteTeam "Kopcany"]
[BlackTeam "Piestany Kupele II"]
[WhiteTeamCountry "SVK"]
[BlackTeamCountry "SVK"]

1. e4 e5 2. f4 Bc5 3. Nf3 d6 4. Bc4 Nf6 5. Nc3 0-0 6. d3 Nc6 7. Na4 Bd4 8. c3 Bb6 9. Nxb6 axb6 10. 0-0 Na5 11. Bb5 Nc6 12. Bxc6 bxc6 13. fxe5 dxe5 14. Nxe5 Qd6 15. Bf4 Qc5+ 16. d4 Qb5 17. b3 Nxe4 18. c4 Qa6 19. Nxc6 Bb7 20. Ne7+ Kh8 21. Be5 Nd6 22. Qg4 f6 23. Qh5 Rfe8 24. Bxf6 gxf6 25. Ng6+ Kg7 26. Nf4 Qa5 27. d5 Bc8 28. Qh4 f5 29. Rf3 Ne4 30. Rh3 Nf6 31. Qg3+ Ng4 32. Nh5+ Kf7 33. Qxc7+ Re7 34. Qg3 Qd2 35. Rf1 Qe3+ 36. Qxe3 Rxe3 37. Rxe3 Nxe3 38. Re1 Ng4 39. Rf1 Rxa2 0-1

[Event "SVK-chT4 A21 1819"]
[Site "Slovakia"]
[Date "2019.03.03"]
[Round "10.2"]
[White "Piestansky, Jan"]
[Black "Sedlak, Rastislav"]
[Result "1-0"]
[WhiteElo "1642"]
[BlackElo "1655"]
[PlyCount "93"]
[EventDate "2018.10.14"]
[EventType "team-tourn"]
[EventRounds "11"]
[EventCountry "SVK"]
[SourceTitle "CBM 189 Extra"]
[Source "ChessBase"]
[SourceDate "2019.06.03"]
[SourceVersion "1"]
[SourceVersionDate "2019.06.03"]
[SourceQuality "1"]
[WhiteTeam "Chtelnica Kamenar"]
[BlackTeam "Piestany Kupele II"]
[WhiteTeamCountry "SVK"]
[BlackTeamCountry "SVK"]

1. e4 e5 2. Nf3 Nc6 3. Bc4 Nf6 4. d3 Bc5 5. h3 0-0 6. c3 Bb6 7. Bb3 h6 8. 0-0 d6 9. Nbd2 a6 10. Kh2 Re8 11. Nc4 Ba7 12. Ne3 Be6 13. Nd5 Na5 14. Nxf6+ Qxf6 15. Bc2 c5 16. c4 Nc6 17. a3 b5 18. b3 bxc4 19. bxc4 Qe7 20. Bd2 f5 21. Ba4 Qc7 22. Qe2 Red8 23. Rab1 Bb6 24. Rb2 Ba5 25. exf5 Bxf5 26. Rfb1 Bxd2 27. Qxd2 Rab8 28. Bxc6 Rxb2 29. Bd5+ Kh8 30. Rxb2 Rb8 31. Rxb8+ Qxb8 32. Qc2 g5 33. Nd2 Qb6 34. Ne4 Bxe4 35. Bxe4 a5 36. Qa4 Qd8 37. Qc6 Qf8 38. Kg1 Qf4 39. Qe8+ Kg7 40. Qe7+ Kg8 41. g3 Qc1+ 42. Kg2 Qxa3 43. Qh7+ Kf8 44. Qxh6+ Ke7 45. Qxg5+ Kd7 46. Qg7+ Kd8 47. Bc6 1-0

[Event "SVK-chT4 A21 1718"]
[Site "Slovakia"]
[Date "2018.03.18"]
[Round "11.3"]
[White "Karel, Jozef"]
[Black "Sedlak, Rastislav"]
[Result "1-0"]
[WhiteElo "1708"]
[BlackElo "1663"]
[PlyCount "91"]
[EventDate "2017.10.01"]
[EventType "team-tourn"]
[EventRounds "11"]
[EventCountry "SVK"]
[SourceTitle "EXT 2020"]
[Source "ChessBase"]
[SourceDate "2019.10.17"]
[SourceVersion "1"]
[SourceVersionDate "2019.10.17"]
[SourceQuality "1"]
[WhiteTeam "Spacince"]
[BlackTeam "Piestany Kupele II"]
[WhiteTeamCountry "SVK"]
[BlackTeamCountry "SVK"]

1. e4 e5 2. Nf3 Nc6 3. Bc4 Nf6 4. Ng5 d5 5. exd5 Na5 6. Bb5+ c6 7. dxc6 bxc6 8. Bd3 h6 9. Ne4 Nd5 10. Qh5 Qc7 11. b3 Nf4 12. Qf3 Be7 13. Ng3 0-0 14. Bb2 f5 15. Bf1 e4 16. Qd1 Be6 17. Nh5 Nxh5 18. Qxh5 Rad8 19. Qg6 Bf6 20. Bxf6 Rxf6 21. Qg3 Qxg3 22. hxg3 Nb7 23. Nc3 g5 24. 0-0-0 Nc5 25. f4 g4 26. Be2 Kg7 27. Rh4 a5 28. Rdh1 Bf7 29. Nd1 Rfd6 30. Ne3 Rf6 31. Bc4 Bxc4 32. Nxc4 a4 33. b4 Ne6 34. c3 Rd3 35. Ne3 Nc7 36. Rh5 Nd5 37. Nxf5+ Kf8 38. Kc2 Ne7 39. Ne3 Rfd6 40. Rd1 Kg7 41. Re5 Kf7 42. Rxe4 h5 43. Nc4 Rxg3 44. Nxd6+ Kf6 45. Rxe7 Rxg2 46. Rde1 1-0

[Event "SVK-chT4 A21 1718"]
[Site "Slovakia"]
[Date "2017.11.12"]
[Round "4.3"]
[White "Sedlak, Rastislav"]
[Black "Vozarova, Adriana"]
[Result "0-1"]
[WhiteElo "1663"]
[BlackElo "1605"]
[PlyCount "58"]
[EventDate "2017.10.01"]
[EventType "team-tourn"]
[EventRounds "11"]
[EventCountry "SVK"]
[SourceTitle "EXT 2019"]
[Source "ChessBase"]
[SourceDate "2018.10.10"]
[SourceVersion "1"]
[SourceVersionDate "2018.10.10"]
[SourceQuality "1"]
[WhiteTeam "Piestany Kupele II"]
[BlackTeam "Stefanov"]
[WhiteTeamCountry "SVK"]
[BlackTeamCountry "SVK"]

1. e4 e5 2. Nf3 Nc6 3. Bc4 Nf6 4. Ng5 d5 5. exd5 Na5 6. Bb5+ c6 7. dxc6 bxc6 8. Be2 h6 9. Nf3 e4 10. Ne5 Qd4 11. Ng4 Be7 12. Nxf6+ Qxf6 13. 0-0 0-0 14. d4 Qg6 15. Kh1 Nb7 16. Bf4 Nd6 17. d5 cxd5 18. Qxd5 Bb7 19. Qh5 Qe6 20. Nc3 Nc4 21. b3 Nb6 22. Rfd1 Rac8 23. Bg4 f5 24. Be2 Rxc3 25. Rd2 Rfc8 26. Bd1 Nd5 27. Be3 Nxe3 28. fxe3 Rxe3 29. c4 Re1# 0-1

[Event "SVK-chT4 A21 1718"]
[Site "Slovakia"]
[Date "2017.10.29"]
[Round "3.4"]
[White "Sedlak, Rastislav"]
[Black "Lajda, Dusan"]
[Result "0-1"]
[WhiteElo "1663"]
[BlackElo "1784"]
[PlyCount "118"]
[EventDate "2017.10.01"]
[EventType "team-tourn"]
[EventRounds "11"]
[EventCountry "SVK"]
[SourceTitle "EXT 2019"]
[Source "ChessBase"]
[SourceDate "2018.10.10"]
[SourceVersion "1"]
[SourceVersionDate "2018.10.10"]
[SourceQuality "1"]
[WhiteTeam "Piestany Kupele II"]
[BlackTeam "Vrbove II"]
[WhiteTeamCountry "SVK"]
[BlackTeamCountry "SVK"]

1. e4 c5 2. Nf3 d6 3. d4 cxd4 4. Nxd4 Nf6 5. Nc3 g6 6. Bd3 Bg7 7. Nb3 0-0 8. 0-0 Nc6 9. Bg5 Bd7 10. a4 Rc8 11. Qd2 Ne5 12. h3 Nc4 13. Bxc4 Rxc4 14. f3 Be6 15. Kh1 Nh5 16. Bh4 Bxc3 17. bxc3 f6 18. g4 Ng7 19. Nd4 Bd7 20. Rfb1 Qc8 21. a5 Rxc3 22. Rxb7 Rxf3 23. Nxf3 Qxb7 24. Qd5+ Qxd5 25. exd5 Rc8 26. Rb1 Rc3 27. Kg2 Rxc2+ 28. Bf2 Rc7 29. Rb8+ Kf7 30. Ra8 Bb5 31. Rxa7 Rxa7 32. Bxa7 Bc4 33. Kf2 Bxd5 34. Nd4 Ne6 35. Nxe6 Kxe6 36. Ke3 Bg2 37. h4 Kd5 38. Bb6 e5 39. a6 Kc6 40. Bd8 f5 41. gxf5 gxf5 42. a7 Kd7 43. Bf6 Ba8 44. Kd3 f4 45. Bg5 Ke6 46. Bd8 h5 47. Bb6 Kf5 48. Ke2 d5 49. Bc7 Ke4 50. Kf2 Kf5 51. Ke2 e4 52. Kf2 d4 53. Ke2 Kg4 54. Bd8 f3+ 55. Kd2 e3+ 56. Kd3 f2 57. Ke2 d3+ 58. Kf1 d2 59. Ke2 d1Q+ 0-1

[Event "SVK-chT4 A21 1718"]
[Site "Slovakia"]
[Date "2017.10.01"]
[Round "1.5"]
[White "Sedlak, Rastislav"]
[Black "Bartos, Bohumil"]
[Result "1-0"]
[WhiteElo "1663"]
[BlackElo "1571"]
[PlyCount "96"]
[EventDate "2017.10.01"]
[EventType "team-tourn"]
[EventRounds "11"]
[EventCountry "SVK"]
[SourceTitle "EXT 2019"]
[Source "ChessBase"]
[SourceDate "2018.10.10"]
[SourceVersion "1"]
[SourceVersionDate "2018.10.10"]
[SourceQuality "1"]
[WhiteTeam "Piestany Kupele II"]
[BlackTeam "Skalica II"]
[WhiteTeamCountry "SVK"]
[BlackTeamCountry "SVK"]

1. e4 c6 2. d4 d5 3. exd5 cxd5 4. c4 Nf6 5. Nc3 Bf5 6. cxd5 Nxd5 7. Bb5+ Nc6 8. Bxc6+ bxc6 9. Nf3 Nxc3 10. bxc3 Bg4 11. 0-0 Qd5 12. Ba3 Bxf3 13. Qxf3 Qxf3 14. gxf3 e6 15. Bxf8 Rxf8 16. Rab1 Rd8 17. Rb7 Rd5 18. Rxa7 Rg5+ 19. Kh1 Rf5 20. Rb1 Rb5 21. Rxb5 cxb5 22. Rb7 Kd8 23. Rxb5 Kc7 24. a4 Ra8 25. Rb4 Kc6 26. f4 Ra7 27. Kg2 Kd5 28. Kf3 Rc7 29. Rb5+ Kc4 30. Rb1 Kd5 31. Rb3 Kc4 32. Ra3 f5 33. a5 Ra7 34. Ke3 Kb5 35. Kd3 Rxa5 36. Rxa5+ Kxa5 37. Kc4 Kb6 38. d5 exd5+ 39. Kxd5 Kc7 40. Ke6 g6 41. Kf6 Kd6 42. Kg7 Kd5 43. Kxh7 Ke4 44. Kxg6 Kxf4 45. h4 Kg4 46. h5 f4 47. h6 Kf3 48. h7 Kxf2 1-0

[Event "SVK-chT4 A21 1617"]
[Site "Slovakia"]
[Date "2017.02.12"]
[Round "9.4"]
[White "Stehlik, Jan"]
[Black "Sedlak, Rastislav"]
[Result "1/2-1/2"]
[WhiteElo "1607"]
[BlackElo "1675"]
[PlyCount "63"]
[EventDate "2016.10.09"]
[EventType "team-tourn"]
[EventRounds "11"]
[EventCountry "SVK"]
[SourceTitle "EXT 2020"]
[Source "ChessBase"]
[SourceDate "2019.10.17"]
[SourceVersion "1"]
[SourceVersionDate "2019.10.17"]
[SourceQuality "1"]
[WhiteTeam "Holic II"]
[BlackTeam "Piestany Kupele II"]
[WhiteTeamCountry "SVK"]
[BlackTeamCountry "SVK"]

1. e4 e5 2. Nf3 Nc6 3. Bc4 Nf6 4. Ng5 d5 5. exd5 Na5 6. Bb5+ c6 7. dxc6 bxc6 8. Be2 h6 9. Nf3 e4 10. Ne5 Be7 11. d4 exd3 12. Nxd3 0-0 13. 0-0 Bf5 14. b3 Qc7 15. Ba3 Rfd8 16. Bxe7 Qxe7 17. Qd2 Nb7 18. Re1 Nc5 19. Qb4 Nfd7 20. Bg4 Qg5 21. Bxf5 Qxf5 22. Nxc5 Qxc5 23. Qxc5 Nxc5 24. Nc3 Rd2 25. Re2 Rad8 26. Rae1 a5 27. h3 Kf8 28. Rxd2 Rxd2 29. Re2 Rd6 30. Kf1 f6 31. Ke1 Ne6 32. Kf1 1/2-1/2

[Event "SVK-chT4 A21 1516"]
[Site "Slovakia"]
[Date "2016.03.13"]
[Round "10.3"]
[White "Sedlak, Rastislav"]
[Black "Klimes, Karel"]
[Result "1/2-1/2"]
[WhiteElo "1669"]
[BlackElo "1658"]
[PlyCount "77"]
[EventDate "2015.10.04"]
[EventType "team-tourn"]
[EventRounds "11"]
[EventCountry "SVK"]
[SourceTitle "EXT 2017"]
[Source "ChessBase"]
[SourceDate "2016.10.25"]
[SourceVersion "1"]
[SourceVersionDate "2016.10.25"]
[SourceQuality "1"]
[WhiteTeam "Piestany Kupele II"]
[BlackTeam "Stefanov"]
[WhiteTeamCountry "SVK"]
[BlackTeamCountry "SVK"]

1. e4 e5 2. Nf3 Nc6 3. Bc4 Be7 4. 0-0 Nf6 5. Nc3 0-0 6. d4 exd4 7. Nxd4 Nxd4 8. Qxd4 d6 9. Bg5 Be6 10. Bd3 Nd7 11. Bxe7 Qxe7 12. Nd5 Bxd5 13. exd5 Qe5 14. Qxe5 Nxe5 15. Be2 Ng6 16. Rfe1 Rae8 17. g3 a6 18. Bf3 Re5 19. c4 Rfe8 20. Kf1 Rxe1+ 21. Rxe1 Rxe1+ 22. Kxe1 f5 23. b3 Kf7 24. Bh5 Kf6 25. Bxg6 Kxg6 26. f4 a5 27. Ke2 Kf6 28. Ke3 h6 29. h4 g6 30. a3 b6 31. b4 axb4 32. axb4 g5 33. h5 g4 34. Kd4 Ke7 35. Kc3 Kd7 36. Kb3 c6 37. Ka4 Kc7 38. Kb3 c5 39. b5 1/2-1/2

[Event "SVK-chT4A21 1415"]
[Site "Slovakia"]
[Date "2015.03.15"]
[Round "11.3"]
[White "Sedlak, Rastislav"]
[Black "Krchnak, Rudolf"]
[Result "0-1"]
[WhiteElo "1754"]
[BlackElo "1796"]
[PlyCount "88"]
[EventDate "2014.10.12"]
[EventType "team-tourn"]
[EventRounds "11"]
[EventCountry "SVK"]
[SourceTitle "EXT 2022"]
[Source "ChessBase"]
[SourceDate "2021.10.06"]
[SourceVersion "1"]
[SourceVersionDate "2021.10.06"]
[SourceQuality "1"]
[WhiteTeam "Piestany Kupele II"]
[BlackTeam "Vrbove II"]
[WhiteTeamCountry "SVK"]
[BlackTeamCountry "SVK"]

1. e4 c5 2. Nf3 d6 3. d4 cxd4 4. Nxd4 Nf6 5. Nc3 a6 6. Bd3 e5 7. Nf3 Be7 8. h3 Qc7 9. 0-0 0-0 10. Bg5 Be6 11. Re1 Nbd7 12. a3 Rac8 13. Rc1 Nc5 14. Bxf6 Bxf6 15. Nd5 Bxd5 16. exd5 g6 17. b4 Nxd3 18. Qxd3 Qc3 19. Re3 Qxd3 20. Rxd3 e4 21. Re3 exf3 22. Rxf3 Bg5 23. Re1 Rxc2 24. Rd3 Rfc8 25. g3 Rc1 26. Rxc1 Rxc1+ 27. Kg2 Rc2 28. h4 Bf6 29. Rb3 Rc3 30. Rb1 Rxa3 31. b5 a5 32. Rc1 Rc3 33. Rb1 Rc5 34. Kf3 Rxd5 35. b6 a4 36. Rb4 Ra5 37. Rc4 a3 38. Rc8+ Kg7 39. Rc7 a2 40. Rxb7 a1Q 41. Rd7 Qh1+ 42. Ke2 Qc6 43. b7 Rb5 44. b8Q Rxb8 0-1